| 000 | 00884nas a2200289 4500 | ||
|---|---|---|---|
| 001 | BR2010004044 | ||
| 003 | BR-BrBNA | ||
| 005 | 20231205114651.0 | ||
| 007 | ta | ||
| 008 | 230509b bl.|||p| |||| 00| 00por d | ||
| 040 |
_aBR-BrBNA _bpor _cBiblioteca Nacional de Agricultura |
||
| 041 | _a(En) | ||
| 072 | _aF30 | ||
| 100 | 1 | _aWiebke, B. | |
| 100 | 1 | _aFerreira, F. | |
| 100 | 1 | _aPasquali, G. | |
| 100 | 1 | _aBodanese-Zanettini, M.H. | |
| 100 | 1 | _aDroste, A. | |
| 245 | 1 | _aInfluence of antibiotics on embryogenic tissue and Agrobacterium tumefaciens suppression in soybean genetic transformation | |
| 650 | _aSOJA | ||
| 650 | _aGENÉTICA VEGETAL | ||
| 650 | _aANTIBIÓTICO | ||
| 650 | _aLINHAGEM | ||
| 773 | 0 |
_tBragantia (Brazil) _xISSN 0006-8705 _g(Oct-Dec 2006), v. 65(4) p. 543-551 _wBR2010004044 |
|
| 909 |
_a202311 _bLúcia _c55 _dLúcia Elande |
||
| 942 |
_2AGRIS _n0 _cANA |
||
| 999 |
_c209842 _d209842 |
||